Rostros y rastros: Códigos genéticos, códigos culturales
Збережено в:
| Автор: | |
|---|---|
| Інші автори: | , |
| Формат: | Книга |
| Мова: | Іспанська Англійська |
| Опубліковано: |
Valparaíso, Chile:
Cuerponegro,
2005.
|
| Редагування: | Primera edición |
| Предмети: | |
| Теги: |
Додати тег
Немає тегів, Будьте першим, хто поставить тег для цього запису!
|
MARC
| LEADER | 00000nam a2200000 a 4500 | ||
|---|---|---|---|
| 001 | UCK8881 | ||
| 003 | CL-VaPUC | ||
| 005 | 20250407202456.0 | ||
| 008 | 060407t20050000CL |||||||||||||||||spa|d | ||
| 999 | |c 447501 |d 447499 | ||
| 020 | |a 956-299-855-X | ||
| 040 | |c Pontificia Universidad Católica de Valparaíso | ||
| 041 | 0 | 7 | |a spa |2 CL-VaPUC |
| 041 | 0 | 7 | |a eng |2 CL-VaPUC |
| 082 | 7 | |a 301 SAL 2005 |2 22 | |
| 100 | |a Salas, Gastón |e autor |9 498617 | ||
| 245 | 1 | 0 | |a Rostros y rastros: |b Códigos genéticos, códigos culturales |
| 250 | |a Primera edición | ||
| 260 | |a Valparaíso, Chile: |b Cuerponegro, |c 2005. | ||
| 300 | |a 89 páginas: |b fotografías. | ||
| 500 | |a c.9 Donación. Memorandum Biblioteca Especializada de Historia. 22/07/2024 c.10-c.11. Instituto Arcos.08-01-2025. | ||
| 583 | |a last modification |c 20060407 00:00:00 |k GC | ||
| 650 | 0 | |a Identidad cultural |9 889125 |v Fotografía de retrato |z Valparaíso, Chile | |
| 650 | 0 | |a Fotografías en blanco y negro |v Fotografía de retrato |z Valparaíso, Chile |9 888505 | |
| 700 | |9 890309 |a Nielsen, Jonathan |e traducción | ||
| 700 | |9 890310 |a Robles, Claudia |e traducción | ||
| 942 | |c BK |2 ddc |n 0 | ||
| 945 | |d 20060407 00:00:00 |a jtorresc | ||
| 952 | |0 0 |1 0 |2 ddc |4 0 |6 778_920000000000000_SAL_2005 |7 0 |8 A |9 601587 |a BIBINC |b BIBINC |d 2025-03-19 |e Instituto Arcos |i 5666437 |o 778.92 SAL 2005 |p 5666437 |r 2025-03-19 |t 1 |w 2025-03-19 |y BK |k IFP | ||
| 952 | |0 0 |1 0 |2 ddc |4 0 |6 778_920000000000000_SAL_2005 |7 0 |8 A |9 601588 |a BIBINC |b BIBINC |d 2025-03-19 |e Instituto Arcos |i 5666438 |o 778.92 SAL 2005 |p 5666438 |r 2025-03-19 |t 2 |w 2025-03-19 |y BK |k IFP | ||